al-Madkhal /

محفوظ في:

المؤلف الرئيسي: Ibn al-Ḥājj, Muḥammad ibn Muḥammad, -1336 (مؤلف)

التنسيق: كتاب

اللغة: Arabic

منشور في: [al-Qāhirah] : al-Maṭbaʻah al-Miṣrīyah bi-al-Azhar, 1929.

الطبعة: al-Ṭabʻah 1.

الموضوعات:

الوسوم: إضافة وسم

لا توجد وسوم, كن أول من يضع وسما على هذه التسجيلة!

رقم الطلب: PJ7803.4 .I25 M3 v.1-4

LEADER 01230nam a2200265Ia 4500
003 OSt
005 20231122100515.0
008 130303s1929 ua 000 0 ara d
952 |0 0  |1 0  |2 lcc  |3 V.1-2  |4 0  |6 PJ78034 I25 M3 V.00001-00004  |7 1  |9 57110  |a ARCE  |b ARCE  |d 2023-11-22  |l 0  |o PJ7803.4 .I25 M3 v.1-4  |p 1023115  |r 2023-11-22 00:00:00  |w 2023-11-22  |y BK 
952 |0 0  |1 0  |2 lcc  |3 V.3-4  |4 0  |6 PJ78034 I25 M3 V.00001-00004  |7 1  |9 62780  |a ARCE  |b ARCE  |d 2024-02-25  |l 0  |o PJ7803.4 .I25 M3 v.1-4  |p 1023116  |r 2024-02-25 00:00:00  |w 2024-02-25  |y BK 
999 |c 30117  |d 30117 
040 |c ARCE Library 
050 4 |a PJ7803.4 .I25 M3 v.1-4 
100 1 |6 880-01  |a Ibn al-Ḥājj, Muḥammad ibn Muḥammad,  |d -1336,  |e author 
245 1 3 |6 880-02  |a al-Madkhal /   |c li-Ibn al-Ḥājj. 
250 |a al-Ṭabʻah 1. 
264 1 |a [al-Qāhirah] :   |b al-Maṭbaʻah al-Miṣrīyah bi-al-Azhar,   |c 1929. 
300 |a 4 volumes in 2 ;   |c 28 cm. 
650 0 |a Islamic law  |v Early works to 1800. 
650 0 |a Islamic religious education. 
650 0 |a Malikites  |v Early works to 1800. 
880 1 |6 100-01/(3/r  |a ابن الحاج، محمد بن محمد،‪‪‪‪‪‪‪‪  |d -1336. 
880 1 2 |6 245-02/(3/r  |a المدخل  |c لابن الحاج 
901 |a reviewed 
942 |c BK  |2 lcc